00880ntm a22002297a 450000500170000000800410001704000280005808200170008610000220010324500660012526000100019130000320020150001910023359000120042465000470043665300230048365500090050677700090051594200080052499900170053295201010054920170817101900.0170802s2011 xx a frb 000 0 eng d aEG-ScBUEbengcEG-ScBUE04222a624bAFI1 aAfi, Wajdi Gomaa.10aQuality of life in youth development /cby Wajdi Gomaa Elafi. c2011. aix, 79 p. :bill. ;c28 cm. aA dissertation submitted to the faculty of engineering, the British university in Egypt, in partial fulfillment of the requirements for the bachelor degree in architectural engineering. aAishaa. 72BUEshaArchitectural EngineeringvProjects bENGARCcAugust2017 vSPRO ASPRO 2ddc c25296d25268 00102ddc4070aMAINbMAINc2NDd2017-08-08l0o624 AFIp000046640r2025-07-15 00:00:00yPROJST